Statistiken für Welthauptstädte Quiz - eine Minute Sprint

Klicken Sie hier um das Quiz zu spielen!

Allgemein

  • Dieses Quiz wurde 29 mal gespielt
  • Das Durchschnittsergebnis liegt bei 60 aus 196

Antwortstatistiken

CountryCapital City% Korrekt
AlbaniaTirana
72%
AustriaVienna
72%
GermanyBerlin
68%
AndorraAndorra la Vella
64%
IrelandDublin
64%
BelarusMinsk
64%
NorwayOslo
64%
FranceParis
64%
SwedenStockholm
64%
United KingdomLondon
60%
Czech RepublicPrague
60%
BulgariaSofia
60%
CroatiaZagreb
60%
NetherlandsAmsterdam
56%
SwitzerlandBern
56%
LuxembourgLuxembourg
56%
San MarinoSan Marino
56%
United StatesWashington D.C.
56%
HungaryBudapest
52%
FinlandHelsinki
52%
SpainMadrid
52%
MonacoMonaco
52%
ItalyRome
52%
EstoniaTallinn
52%
Vatican CityVatican City
52%
BrazilBrasília
48%
BelgiumBrussels
48%
ArgentinaBuenos Aires
48%
PortugalLisbon
48%
LatviaRiga
48%
Bosnia and
Herzegovina
Sarajevo
48%
MaltaValletta
48%
GreeceAthens
44%
IsraelJerusalem
44%
JamaicaKingston
44%
Saint Vincent and the
Grenadines
Kingstown
44%
BoliviaLa Paz / Sucre
44%
MexicoMexico City
44%
RussiaMoscow
44%
IndiaNew Delhi
44%
IcelandReykjavík
44%
ChileSantiago
44%
South KoreaSeoul
44%
SingaporeSingapore
44%
North MacedoniaSkopje
44%
JapanTokyo
44%
LithuaniaVilnius
44%
LebanonBeirut
40%
ColombiaBogotá
40%
SlovakiaBratislava
40%
AustraliaCanberra
40%
IndonesiaJakarta
40%
AfghanistanKabul
40%
UkraineKiev
40%
PeruLima
40%
PhilippinesManila
40%
UruguayMontevideo
40%
CyprusNicosia
40%
CanadaOttawa
40%
PanamaPanama City
40%
New ZealandWellington
40%
TurkeyAnkara
36%
IraqBaghdad
36%
AzerbaijanBaku
36%
ThailandBangkok
36%
VenezuelaCaracas
36%
DenmarkCopenhagen
36%
QatarDoha
36%
VietnamHanoi
36%
CubaHavana
36%
SloveniaLjubljana
36%
BahamasNassau
36%
HaitiPort-au-Prince
36%
South AfricaPretoria / Cape Town
/ Bloemfontein
36%
KosovoPristina
36%
EcuadorQuito
36%
El SalvadorSan Salvador
36%
LiechtensteinVaduz
36%
PolandWarsaw
36%
United Arab EmiratesAbu Dhabi
32%
JordanAmman
32%
ParaguayAsunción
32%
Republic of the CongoBrazzaville
32%
MoldovaChișinău
32%
SyriaDamascus
32%
GuatemalaGuatemala City
32%
Democratic Republic
of the Congo
Kinshasa
32%
AngolaLuanda
32%
MaldivesMalé
32%
MoroccoRabat
32%
Costa RicaSan José
32%
MongoliaUlaanbaatar
32%
ChinaBeijing
28%
SerbiaBelgrade
28%
EgyptCairo
28%
SenegalDakar
28%
BangladeshDhaka
28%
DjiboutiDjibouti
28%
GuyanaGeorgetown
28%
PakistanIslamabad
28%
NepalKathmandu
28%
MalaysiaKuala Lumpur
28%
KuwaitKuwait City
28%
SurinameParamaribo
28%
YemenSana'a
28%
Dominican RepublicSanto Domingo
28%
São Tomé and PríncipeSão Tomé
28%
IranTehran
28%
TunisiaTunis
28%
GhanaAccra
24%
AlgeriaAlgiers
24%
BelizeBelmopan
24%
RomaniaBucharest
24%
MalawiLilongwe
24%
BahrainManama
24%
KenyaNairobi
24%
KazakhstanNur-Sultan
24%
Burkina FasoOuagadougou
24%
MontenegroPodgorica
24%
Papua New GuineaPort Moresby
24%
Trinidad and TobagoPort-of-Spain
24%
TaiwanTaipei
24%
LaosVientiane
24%
NamibiaWindhoek
24%
NigeriaAbuja
20%
MadagascarAntananarivo
20%
SamoaApia
20%
KyrgyzstanBishkek
20%
Guinea-BissauBissau
20%
BarbadosBridgetown
20%
Saint LuciaCastries
20%
GuineaConakry
20%
East TimorDili
20%
Sierra LeoneFreetown
20%
TuvaluFunafuti
20%
BotswanaGaborone
20%
GabonLibreville
20%
TogoLomé
20%
ZambiaLusaka
20%
NicaraguaManagua
20%
ComorosMoroni
20%
ChadN'Djamena
20%
Federated States of
Micronesia
Palikir
20%
CambodiaPhnom Penh
20%
BeninPorto-Novo /
Cotonou
20%
North KoreaPyongyang
20%
FijiSuva
20%
UzbekistanTashkent
20%
GeorgiaTbilisi
20%
SeychellesVictoria
20%
TurkmenistanAshgabat
16%
EritreaAsmara
16%
MaliBamako
16%
Central African RepublicBangui
16%
GambiaBanjul
16%
TajikistanDushanbe
16%
BurundiGitega
16%
ZimbabweHarare
16%
Solomon IslandsHoniara
16%
South SudanJuba
16%
UgandaKampala
16%
MozambiqueMaputo
16%
SomaliaMogadishu
16%
OmanMuscat
16%
MauritiusPort Louis
16%
Cape VerdePraia
16%
Saudi ArabiaRiyadh
16%
GrenadaSaint George's
16%
BhutanThimphu
16%
LibyaTripoli
16%
NauruYaren
16%
ArmeniaYerevan
16%
BruneiBandar Seri
Begawan
12%
Saint Kitts and NevisBasseterre
12%
TanzaniaDodoma
12%
SudanKhartoum
12%
RwandaKigali
12%
EswatiniMbabane
12%
LiberiaMonrovia
12%
MyanmarNaypyidaw
12%
TongaNukuʻalofa
12%
Antigua and BarbudaSaint John's
12%
KiribatiSouth Tarawa
12%
Sri LankaSri
Jayawardenepura
Kotte
12%
CameroonYaoundé
12%
EthiopiaAddis Ababa
8%
Marshall IslandsMajuro
8%
LesothoMaseru
8%
NigerNiamey
8%
MauritaniaNouakchott
8%
VanuatuPort Vila
8%
DominicaRoseau
8%
HondurasTegucigalpa
8%
Ivory CoastYamoussoukro
8%
Equatorial GuineaMalabo
4%
PalauNgerulmud
4%

Verteilung der Resultate

Perzentil nach korrekt beantworteten Fragen

Anzahl Personen mit jedem Resultat

Ihre Resultats-Entwicklung

Sie haben dieses Quiz noch nicht gespielt